| 000 | 01164nam a22003737a 4500 | ||
|---|---|---|---|
| 001 | 0017727 | ||
| 003 | KOHA_MİRAKIL | ||
| 005 | 20260207002150.0 | ||
| 007 | ta | ||
| 008 | 100531b2008 us |||gr||||#0|||1|eng | | ||
| 020 | _a9780194791212 | ||
| 040 |
_aTR-BiSEU _btur _cTR-BiSEU _erda |
||
| 041 | 0 | _aeng | |
| 044 | _cus | ||
| 050 |
_aPE1128.D53 _bI54 2008 |
||
| 100 | 1 | _aDibdin, Michael. | |
| 245 | 1 | 4 |
_aThe last Sherlock Holmes story/ _cMichael Dibdin ; Michael Dibdin; retold by Rosalie Kerr. |
| 264 | 1 |
_aOxford : _bOxford University Press _c2008 |
|
| 300 | _a72 sayfa: resimli; 20 cm. | ||
| 336 |
_ametin _btxt _2rdacontent |
||
| 337 |
_aaracısız _bn _2rdamedia |
||
| 338 |
_acilt _bnc _2rdacarrier |
||
| 490 | 0 | _aOxford bookworms library. | |
| 490 | 0 | _aCrime and mystery | |
| 500 | _aStage 3. | ||
| 650 | 0 |
_aEnglish language--Study and teaching. _940817 |
|
| 650 | 0 |
_aReadres (Elementary). _941192 |
|
| 650 | 0 |
_aİngiliz dili--Çalışma ve öğretim. _931747 |
|
| 650 | 0 |
_aOkuyucular (Basit düzey). _941193 |
|
| 830 | 0 |
_aOxford bookworms library. _941194 |
|
| 830 | 0 |
_aCrime and mystery _941195 |
|
| 907 | _aDil | ||
| 942 |
_2lcc _cBK |
||
| 999 |
_c17684 _d17684 |
||